000 01008nam a22002651u 4500
001 12279
003 HDC
007 cr bn ---
008 210209p2003 my eng
040 _aHDC
100 _aNormah Omar,
_eauthor
_912800
245 0 _aProduction of semi-refined carrageenan from locally available red seaweed, Eucheuma cottonii on a laboratory scale /
_cby Normah Omar and Nazarifah Ibrahim
260 _aSerdang :
_bMalaysian Agricultural Research and Development Institute (MARDI),
_c2003
300 _a2 pages
336 _atext
_2rdacontent
337 _acomputer
_2rdamedia
338 _aonline resource
_2rdacarrier
650 _aProcess optimisation
_912802
650 _aRed seaweed
_912803
650 _aSemi-refined carrageenan
_912801
856 _zRequest full-text at [email protected]
942 _2lcc
942 _cAR
942 _kJART 003070
999 _c9602
_d9602